Ambasady zagraniczne w Polsce - Statystyki

Ogólne statystyki
  • Ten quiz został rozwiązany 2 895 razy
    2 112 od ostatniego zresetowania
  • Średni wynik to 75 z 96
Statystyki odpowiedzi
Kontynent Państwo % Poprawnych
Europa Niemcy
95%
Europa Rosja
95%
Europa Francja
94%
Europa Hiszpania
94%
Ameryka Północna Stany Zjednoczone
94%
Europa Szwecja
94%
Europa Czechy
93%
Europa Finlandia
93%
Europa Słowacja
93%
Europa Ukraina
93%
Europa Belgia
92%
Europa Estonia
92%
Europa Litwa
92%
Europa Łotwa
92%
Europa Norwegia
92%
Europa Wielka Brytania
92%
Europa Białoruś
91%
Ameryka Południowa Brazylia
91%
Azja Chiny
91%
Ameryka Północna Kanada
91%
Europa Portugalia
91%
Europa Holandia
90%
Ameryka Południowa Argentyna
89%
Europa Austria
89%
Ameryka Północna Meksyk
89%
Europa Słowenia
89%
Europa Włochy
89%
Europa Dania
88%
Europa Grecja
88%
Europa Irlandia
88%
Azja Japonia
88%
Europa Albania
87%
Oceania Australia
87%
Afryka Egipt
87%
Europa Chorwacja
86%
Europa Rumunia
86%
Europa Serbia
86%
Europa Węgry
86%
Azja Korea Południowa
85%
Europa Szwajcaria
85%
Europa Bośnia i Hercegowina
84%
Europa Bułgaria
84%
Ameryka Południowa Chile
84%
Europa Islandia
84%
Europa Luksemburg
84%
Afryka Republika Południowej Afryki
84%
Azja Izrael
83%
Oceania Nowa Zelandia
83%
Azja Turcja
83%
Europa Czarnogóra
82%
Azja Indie
82%
Ameryka Południowa Kolumbia
81%
Ameryka Południowa Peru
81%
Azja Irak
80%
Azja Iran
80%
Ameryka Południowa Wenezuela
79%
Afryka Maroko
78%
Europa Mołdawia
78%
Azja Kazachstan
77%
Europa Macedonia Północna
77%
Azja Arabia Saudyjska
76%
Afryka Algieria
75%
Europa Malta
74%
Azja Armenia
73%
Azja Indonezja
73%
Ameryka Północna Kuba
73%
Azja Gruzja
72%
Europa Watykan
72%
Azja Azerbejdżan
71%
Azja Tajlandia
70%
Azja Wietnam
70%
Azja Cypr
68%
Azja Zjednoczone Emiraty Arabskie
68%
Azja Pakistan
67%
Afryka Tunezja
67%
Azja Afganistan
66%
Azja Mongolia
66%
Azja Katar
65%
Azja Korea Północna
65%
Afryka Nigeria
64%
Afryka Libia
62%
Ameryka Północna Panama
62%
Azja Syria
62%
Afryka Demokratyczna Republika Konga
61%
Azja Jemen
61%
Azja Malezja
61%
Azja Uzbekistan
58%
Azja Kuwejt
56%
Azja Liban
56%
Azja Filipiny
55%
Azja Bangladesz
52%
Afryka Senegal
45%
Ameryka Północna Gwatemala
44%
Afryka Angola
43%
Azja Sri Lanka
42%
Afryka Rwanda
24%
Nie znaleziono quizów pasujących do podanych kryteriów
Rozkład punktacji
Procent ludzi z każdym wynikiem
Percentyl według liczby udzielonych odpowiedzi
Twoja historia wyników
Nie rozwiązałeś tego quizu od ostatniego zresetowania